=LDR 00000nam 2200000 4500 =001 NUTBA000000000004506 =005 20140916093536.0 =006 =007 =008 =020 ##$$a 978-420-084-0 =035 ##$$a 0010-091400000000539 =040 ##$$a NBPDMAT =082 ##$$a 581 =084 ##$$a 581 gem t =100 ##$$a Gembong Tjterosoepomo =245 ##$$a Taksonomi Tumbuhan(Spermatophyta) / $c Gembong Tjterosoepomo =260 ##$$a Yogyakarta : $bGadjah Mada University Press, $c 2013 =650 ##$$a tanaman taksonomi =990 ##$$a 21410032 =990 ##$$a 0001/BPAP-NTB/20142014 =990 ##$$a 0001/BPAP-NTB/20142014 =990 ##$$a 0001/BPAP-NTB/20142014 =990 ##$$a 0001/BPAP-NTB/20142014 =990 ##$$a 0001/BPAP-NTB/20142014 =990 ##$$a 05030503 =990 ##$$a 1202003510 =990 ##$$a 21410032 =990 ##$$a 21410033 =990 ##$$a 21410034 =990 ##$$a 21410035 =990 ##$$a 21410036